00234nam a2200109Ia 4500008004100000041000800041082001600049100001700065245001000082260002500092365000700117230303s9999 xx 000 0 und d aeng a005.133 PAR aPARKER (TIM) aLinux aNew DelhibTECHMEDIA cRS